00477nam a22001577a 450000500170000001000150001702000250003203500130005703700130007008200100008310000220009324500480011526000410016327000810020430000340028520150605152447.0 aENG-112797 c80.00a9788123763323 aEN-96329 bDBAD/PUB a660.6 aChawla, P. Cheena00aBasic biotechniques /cby P. Cheena Chawla aNew DelhibNational Book Trustc2011 aNehru Bhawan, 5 Institutional Area, Phase-ll Vasant Kunj bNew Delhie110070 axvii,108p. :c22cm(pbk)bill.